[Event "NCA-ch sf"]
[Site "Managua"]
[Date "2023.02.04"]
[Round "4.17"]
[White "Zelaya Mendoza, Roger Jose"]
[Black "Soza Moreno, Francisco Javier"]
[Result "0-1"]
[WhiteElo "1403"]
[BlackElo "1728"]
[PlyCount "75"]
[EventDate "2023.01.28"]
[EventType "swiss"]
[EventRounds "9"]
[EventCountry "NCA"]
[SourceTitle "CBM 213 Extra"]
[Source "ChessBase"]
[SourceDate "2023.05.31"]
[SourceVersion "1"]
[SourceVersionDate "2023.05.31"]
[SourceQuality "1"]

1. e4 c5 2. d4 cxd4 3. c3 dxc3 4. Nxc3 e6 5. Nf3 a6 6. Bc4 b5 7. Bb3 Nc6 8. Bf4 Bb7 9. 0-0 Be7 10. e5 Rc8 11. Qe2 Na5 12. Bc2 Bb4 13. Ne4 Bxe4 14. Bxe4 Nc6 15. Rfd1 Nge7 16. Rac1 Ng6 17. Bg3 Qc7 18. h4 Be7 19. h5 Nf8 20. Nd4 Qb6 21. Qd3 g6 22. Rc2 Na7 23. Rxc8+ Nxc8 24. Rc1 Na7 25. Bf4 gxh5 26. Be3 Qb8 27. f4 Ng6 28. Qc3 Bd8 29. Nf3 Bb6 30. Bxg6 hxg6 31. Bc5 Nc6 32. Nd2 Qa7 33. Ne4 Bxc5+ 34. Qxc5 Qxc5+ 35. Rxc5 Ke7 36. Rc1 Rc8 37. Rd1 Nb4 38. Rd6 0-1